00456nam a2200121Ia 4500008004100000245010200041245002800143260000900171650001400180856004800194999001900242952007300261171211s9999 xx 000 0 und d aBank Credit: A Study of the Principles and Factors Underlying Advances Made by Banks to Borrowers cChester Arthur Phillips c2010 xEconomics uhttp://down.ebook777.com/064/114599797X.pdf c348113d348113 001040aCLbCLd2017-12-11l0r2017-12-11 00:00:00w2017-12-11yCBE